Sports Quiz

Random Sports or WWE Quiz

2015 Royal Rumble Quiz Stats

 Plays Quiz not verified by Sporcle

Score 0/30 Timer 06:00
0 Plays Today
entry # Wrestler % Correct
19*Roman Reigns
96.8%
24Kane
95.8%
1The Miz
95.1%
29Big Show
95.1%
5Bray Wyatt
94.5%
2R-Truth
93.5%
30Dolph Ziggler
93.5%
4Luke Harper
92.9%
25Dean Ambrose
92.9%
3Bubba Ray Dudley
90.9%
6Curtis Axel
89.3%
15Rusev
88.6%
10Daniel Bryan
87.3%
20Big E
86.7%
17Kofi Kingston
86.4%
entry # Wrestler % Correct
28Cesaro
84.7%
14Diamond Dallas Page
84.4%
13Stardust
83.8%
16Goldust
83.8%
7The Boogeyman
81.5%
21Damien Mizdow
80.8%
12Tyson Kidd
76.9%
8Sin Cara
75.6%
23Ryback
75.3%
9Zack Ryder
74.7%
18Adam Rose
73.1%
22Jack Swagger
72.7%
26Titus O'Neil
72.7%
27Bad News Barrett
72.4%
11Fandango
71.8%

You're not logged in!

Compare scores with friends on all Sporcle quizzes.
OR
Log In

Sporcle TV

Today on Sporcle TV


Watch our educational content, quiz creation guides, and fun videos on Sporcle TV.

Show Comments

Extras

Top Quizzes Today


Score Distribution

Your Account Isn't Verified!

In order to create a playlist on Sporcle, you need to verify the email address you used during registration. Go to your Sporcle Settings to finish the process.

Report this User

Report this user for behavior that violates our Community Guidelines.

Details: